000 00316nam a22001457a 4500
008 221006b ||||| |||| 00| 0 eng d
020 _a0721676480
041 _aeng
080 _a610.73
082 _a610.73 CAS
100 _a5
101 _aINF
245 _aSTRATEGIES TECHNIQUES
_cCASTILLO
942 _2udc
_cBK
999 _c58385
_d58385